000 00333nam a2200133Ia 4500
008 240624s9999 xx 000 0 und d
041 _aeng
082 _a658.406 CRO
100 _aCROW ROBIN
245 _aEVOLVE OR DIE SEVEN STEPS TO RETHINK THE
260 _c2012
_aNew Delhi
_bWiley India
300 _a208 : p.
365 _cRS
_b30
999 _c21406
_d21406